Normal view
MARC view
Entry Personal Name
001 - CONTROL NUMBER
- control field: 23691
003 - CONTROL NUMBER IDENTIFIER
- control field: ARRUPE
005 - DATE AND TIME OF LATEST TRANSACTION
- control field: 20160412123430.0
008 - FIXED-LENGTH DATA ELEMENTS
- fixed length control field: 160412|| aca||aabn | a|a d
040 ## - CATALOGING SOURCE
- Original cataloging agency: ARRUPE
- Transcribing agency: ARRUPE
100 ## - HEADING--PERSONAL NAME
- Personal name: Melvill, Harald.
670 ## - SOURCE DATA FOUND
- Source citation: Work cat.: (ARRUPE)0: Melvill, Harald., A complete guide to amateur dramatics /, c1957.